<?xml version='1.0' encoding='UTF-8'?><?xml-stylesheet href='static/style.xsl' type='text/xsl'?><OAI-PMH xmlns="http://www.openarchives.org/OAI/2.0/" xmlns:xsi="http://www.w3.org/2001/XMLSchema-instance" xsi:schemaLocation="http://www.openarchives.org/OAI/2.0/ http://www.openarchives.org/OAI/2.0/OAI-PMH.xsd"><responseDate>2026-04-28T11:12:07Z</responseDate><request verb="GetRecord" identifier="oai:ebiltegia.mondragon.edu:20.500.11984/5303" metadataPrefix="marc">https://ebiltegia.mondragon.edu/oai/request</request><GetRecord><record><header><identifier>oai:ebiltegia.mondragon.edu:20.500.11984/5303</identifier><datestamp>2026-03-26T15:53:30Z</datestamp><setSpec>com_20.500.11984_1136</setSpec><setSpec>col_20.500.11984_1137</setSpec></header><metadata><record xmlns="http://www.loc.gov/MARC21/slim" xmlns:dcterms="http://purl.org/dc/terms/" xmlns:xsi="http://www.w3.org/2001/XMLSchema-instance" xmlns:doc="http://www.lyncode.com/xoai" xsi:schemaLocation="http://www.loc.gov/MARC21/slim http://www.loc.gov/standards/marcxml/schema/MARC21slim.xsd">
   <leader>00925njm 22002777a 4500</leader>
   <datafield ind2=" " ind1=" " tag="042">
      <subfield code="a">dc</subfield>
   </datafield>
   <datafield ind2=" " ind1=" " tag="720">
      <subfield code="a">Bidegain, Eneko</subfield>
      <subfield code="e">author</subfield>
   </datafield>
   <datafield ind2=" " ind1=" " tag="720">
      <subfield code="a">Zuberogoitia, Aitor</subfield>
      <subfield code="e">author</subfield>
   </datafield>
   <datafield ind2=" " ind1=" " tag="720">
      <subfield code="a">Egaña, Txema</subfield>
      <subfield code="e">author</subfield>
   </datafield>
   <datafield ind2=" " ind1=" " tag="720">
      <subfield code="a">Larrañaga-Elorza, Ainhoa</subfield>
      <subfield code="e">author</subfield>
   </datafield>
   <datafield ind2=" " ind1=" " tag="260">
      <subfield code="c">2016</subfield>
   </datafield>
   <datafield ind2=" " ind1=" " tag="520">
      <subfield code="a">Euskarazko komunikabideen mapan pisu handiena duten eskualdeak Gipuzkoa eta Bizkaia badira ere, ezin dira gutxietsi Lapurdo, Nafarroa Beherea, Zuberoa eta Nafarroa Garaiaren iparraldeko komunikabideak ere. Alabaina, kontuan harti behar da eskualde bakoitzeko demografiaren pisua.</subfield>
   </datafield>
   <datafield ind1="8" ind2=" " tag="024">
      <subfield code="a">978-84-608-4381-8</subfield>
   </datafield>
   <datafield ind1="8" ind2=" " tag="024">
      <subfield code="a">https://katalogoa.mondragon.edu/janium-bin/janium_login_opac.pl?find&amp;ficha_no=124311</subfield>
   </datafield>
   <datafield ind1="8" ind2=" " tag="024">
      <subfield code="a">https://hdl.handle.net/20.500.11984/5303</subfield>
   </datafield>
   <datafield tag="653" ind2=" " ind1=" ">
      <subfield code="a">Tokiko komunikabideak</subfield>
   </datafield>
   <datafield tag="653" ind2=" " ind1=" ">
      <subfield code="a">Euskara</subfield>
   </datafield>
   <datafield ind2="0" ind1="0" tag="245">
      <subfield code="a">Euskarazko komunikabideak euskal Pirinioetan</subfield>
   </datafield>
</record></metadata></record></GetRecord></OAI-PMH>